000 00458 a2200169 4500
020 _a0007154909
040 _aDLC
_bDLC
082 0 0 _a823/.9/12
100 1 _aChristie, Agatha,
245 1 0 _aDestination unknown
_cChristie, Agatha
250 _aGreenway ed.
260 _aLondon :
_bCollins for the Crime Club,
_c1977.
300 _a316 ;
_c21 cm.
490 0 _aThe Greenway edition ; [23]
655 7 _aDetective and mystery stories.
942 _cBK
_2ddc
999 _c481815
_d481815